Regímenes matrimoniales: sociedad conyugal, separación de bienes, participación en los gananciales, bienes familiares con las modificaciones introducidas al Código Civil y a otros textos legales por Leyes N§s 18.802 y 19.335

Sparad:
Bibliografiska uppgifter
Huvudupphovsman: Frigerio Castaldi, César (Författare, medförfattare)
Materialtyp: Bok
Språk:spanska
Publicerad: Santiago Jurídica ConoSur 1995
Ämnen:
Taggar: Lägg till en tagg
Inga taggar, Lägg till första taggen!

MARC

LEADER 00000nam a2200000 a 4500
001 UCU1767
003 CL-VaPUC
008 960412e19950000CL |||||||||||||||||spa|d
082 0 4 |a 346.016  |b FRI  |2 21 
100 0 |a Frigerio Castaldi, César  |e author  |9 357524 
245 1 0 |a Regímenes matrimoniales: sociedad conyugal, separación de bienes, participación en los gananciales, bienes familiares con las modificaciones introducidas al Código Civil y a otros textos legales por Leyes N§s 18.802 y 19.335 
300 |a 235 p 
942 |c BK 
945 |d 19960412 00:00:00  |a rleighto 
260 |a Santiago  |b Jurídica ConoSur  |c 1995 
650 0 |a Regímenes matrimoniales  |9 357525 
650 7 |a MATRIMONIOS  |2 CL-VaPUC  |9 357526 
650 0 |a Sociedad conyugal   |9 357527 
650 7 |a BIENES GANACIALES  |2 CL-VaPUC  |9 357528 
650 0 |a Separación de bienes  |9 357529 
583 |a last modification  |c 20130320 00:02:05  |k Rodrigo Vera 
999 |c 246281  |d 246279 
952 |0 0  |1 0  |4 0  |6 346_016000000000000_FRI_1995  |7 0  |8 ?  |9 261109  |a BIBDER  |b BIBDER  |d 2019-11-19  |i 3191060  |l 5  |o 346.016 FRI 1995  |p 3191060  |r 2024-07-31  |s 2024-07-31  |w 2019-11-19  |y BK  |k DER 
952 |0 0  |1 0  |4 0  |6 346_016000000000000_FRI_1995  |7 0  |8 ?  |9 261110  |a BIBDER  |b BIBDER  |d 2019-11-19  |i 3191079  |o 346.016 FRI 1995  |p 3191079  |r 2023-01-25  |w 2019-11-19  |y BK  |k DER